Top 10 Città più popolose Provincia di Vicenza - Statistics

Statistiche generali
  • Questo quiz è stato fatto 45 volte
  • Il punteggio medio è 7 su 10
Statistiche sulle risposte
Popolazione (ab.) Città % Corretto
111 500 Vicenza
100%
42 984 Bassano del Grappa
89%
39 131 Schio
87%
23 254 Thiene
84%
25 589 Arzignano
74%
23 315 Montecchio Maggiore
61%
26 575 Valdagno
53%
15 581 Lonigo
50%
14 641 Malo
39%
14 484 Romano d'Ezzelino
16%
Nessun quiz corrispondente trovato
Distribuzione punteggi
Percentuale di utenti per punteggio
Percentile per numero di risposta
I tuoi punteggi nel tempo
Non hai fatto questo quiz